Im Schweigen rede ich: die Geschichte der ungarischen Kirche und des Kardinals Mindszenty unter der Herrschaft des Kommunismus

Saved in:  
Bibliographic Details
Main Author: Shuster, George N. 1894-1977 (Author)
Contributors: Gottwald, Heinrich F.
Format: Print Book
Language:German
Subito Delivery Service: Order now.
Check availability: HBZ Gateway
WorldCat: WorldCat
Interlibrary Loan:Interlibrary Loan for the Fachinformationsdienste (Specialized Information Services in Germany)
Published: Würzburg Echter-Verl. 1959
In:Year: 1959
Edition:1. Aufl

MARC

LEADER 00000cam a2200000 c 4500
001 178999458
003 DE-627
005 20240418012633.0
007 tu
008 950108s1959 gw ||||| 00| ||ger c
016 7 |a 454683286  |2 DE-101 
020 |c  : 14.50 (Lw.) 
035 |a (DE-627)178999458 
035 |a (DE-576)058786821 
035 |a (DE-599)GBV178999458 
035 |a (OCoLC)832359631 
035 |a (OCoLC)73681918 
035 |a (OCoLC)832359631 
040 |a DE-627  |b ger  |c DE-627  |e rakwb 
041 |a ger  |h eng 
044 |c XA-DE 
084 |a 06a  |a 02a  |2 sdnb 
084 |a 1  |2 ssgn 
084 |a BO 1240  |2 rvk  |0 (DE-625)rvk/13931: 
100 1 |0 (DE-588)119187698  |0 (DE-627)079984711  |0 (DE-576)163065217  |4 aut  |a Shuster, George N.  |d 1894-1977 
109 |a Shuster, George N. 1894-1977  |a Schuster, George Neumann 1894-1977  |a Nauman Shuster, George 1894-1977  |a Shuster, George W. 1894-1977  |a Shuster, George Nauman 1894-1977  |a Shuster, George Naumann 1894-1977  |a Shuster, George 1894-1977 
240 1 0 |a In silence I speak <dt.> 
245 1 0 |a Im Schweigen rede ich  |b die Geschichte der ungarischen Kirche und des Kardinals Mindszenty unter der Herrschaft des Kommunismus  |c George N. Shuster. [Aus dem Amerikan. übers. von Heinrich F. Gottwald] 
250 |a 1. Aufl 
263 |a Lw. : 14.50 
264 1 |a Würzburg  |b Echter-Verl.  |c 1959 
300 |a 242 S  |c 8 
336 |a Text  |b txt  |2 rdacontent 
337 |a ohne Hilfsmittel zu benutzen  |b n  |2 rdamedia 
338 |a Band  |b nc  |2 rdacarrier 
500 |a Aus d. Amerikan. übers 
583 1 |a Massenentsäuert  |c 2018  |2 pdager  |5 DE-18 
583 1 |a Archivierung/Langzeitarchivierung gewährleistet  |f SLG  |x XA-DE-BW  |z BfZ  |2 pdager  |5 DE-24 
583 1 |a Archivierung/Langzeitarchivierung gewährleistet  |f SSG  |x XA-DE-BW  |2 pdager  |5 DE-21 
601 |a Schweigen 
601 |a Kardinal 
601 |a Geschichte 
601 |a Herrschaft 
601 |a Kommunismus 
700 1 |0 (DE-588)104529954  |0 (DE-627)585849528  |0 (DE-576)301217823  |4 oth  |a Gottwald, Heinrich F. 
700 1 2 |a Shuster, George N.  |d 1894-1977  |t In silence I speak <dt.> 
935 |a mteo 
935 |i Blocktest 
936 r v |a BO 1240  |b Einzelne Länder  |k Theologie und Religionswissenschaften  |k Patrologie und Kirchengeschichte  |k Hand- und Lehrbücher sowie Gesamtdarstellungen  |k Einzelne Länder  |0 (DE-627)1270658816  |0 (DE-625)rvk/13931:  |0 (DE-576)200658816 
951 |a BO 
ELC |b 1 
ITA |a 1  |t 1 
LOK |0 000 xxxxxcx a22 zn 4500 
LOK |0 001 3183350114 
LOK |0 003 DE-627 
LOK |0 004 178999458 
LOK |0 005 20130413104939 
LOK |0 008 010809||||||||||||||||ger||||||| 
LOK |0 040   |a DE-21  |c DE-627  |d DE-21 
LOK |0 852   |a DE-21 
LOK |0 852 1  |c Gh 6576 b  |9 00 
LOK |0 935   |a dika  |a theo 
LOK |0 939   |a 09-08-01  |b l01 
ORI |a SA-MARC-ixtheoa001.raw